| 000 | 00852cab a2200265 4500 | ||
|---|---|---|---|
| 001 | ABS54434 | ||
| 008 | 090401t1996 xxu||||| |||| 00| 0 eng d | ||
| 035 | _a(Sirsi) u10306 | ||
| 041 | _aeng | ||
| 245 | _aAlternative land use | ||
| 260 | _c1996 | ||
| 300 | _aLOAN | ||
| 350 | _a0 | ||
| 490 |
_aFarm Development Review _v10(3) January 1996, (8) |
||
| 520 | _aSurveys farm accommodation charges for bed and breakfast and evening meals, comments on the study "Farm attractions and historic houses", and Strutt and Parker`s survey of telecommunication mast rentals. | ||
| 650 | _aBED AND BREAKFAST | ||
| 650 | _aFARM ATTRACTIONS | ||
| 650 | _aFARMHOUSE HOLIDAYS | ||
| 650 | _aHISTORIC HOUSES | ||
| 650 | _aTELECOMMUNICATIONS MASTS | ||
| 650 | _aTELECOMMUNICATIONS SITES | ||
| 690 | _aRURAL PRACTICE | ||
| 942 | _n0 | ||
| 948 | _c04/03/1997 | ||
| 999 |
_c6484 _d6484 |
||